Who Is This Player? (Beşiktaş 24/25) - Statistics

General Stats
  • This quiz has been taken 109 times
  • The average score is 22 of 28
Answer Stats
Picture Answer % Correct
Mert Günok
97%
Ersin Destanoğlu
94%
Arthur Masuaku
91%
Jonas Svensson
89%
Ciro Immobile
83%
Emirhan Topçu
83%
Joao Mario
82%
Milot Rashica
82%
Rafa Silva
82%
Ernest Muçi
80%
Necip Uysal
80%
Salih Uçan
80%
Semih Kılıçsoy
80%
Alex Oxlade-Chamberlain
79%
Gabriel Paulista
79%
Gedson Fernandes
79%
Onur Bulut
77%
Mustafa Hekimoğlu
76%
Ole Gunnar Solskjaer
74%
Felix Uduokhai
73%
Keny Arroyo
71%
Amir Hadziahmetovic
68%
Emrecan Terzi
68%
Tayyip Talha Sanuç
68%
Elan Ricardo
67%
Bakhtiyor Zaynutdinov
65%
Göktuğ Baytekin
62%
Yakup Arda Kılıç
41%
No matching quizzes found
Score Distribution
Percent of People with Each Score
Percentile by Number Answered
Your Score History
You have not taken this quiz